المختصر في تاريخ مصر منذ أقدم العصور حتى الإحتلال البريطاني / (رقم التسجيلة. 26520)

تفاصيل مارك
000 -LEADER
fixed length control field 00571nam a22001577a 4500
005 - DATE AND TIME OF LATEST TRANSACTION
control field 20251108165359.0
008 - FIXED-LENGTH DATA ELEMENTS--GENERAL INFORMATION
fixed length control field 250721s9999 xx 000 0 ara d
082 14 - DEWEY DECIMAL CLASSIFICATION NUMBER
Classification number 962/مخت
100 1# - MAIN ENTRY--PERSONAL NAME
Personal name شعيب، علي عبد المنعم
Relator term مؤلف
245 10 - TITLE STATEMENT
Title المختصر في تاريخ مصر منذ أقدم العصور حتى الإحتلال البريطاني /
264 1# - PRODUCTION, PUBLICATION, DISTRIBUTION, MANUFACTURE, AND COPYRIGHT NOTICE
Place of production, publication, distribution, manufacture بيروت :
Name of producer, publisher, distributor, manufacturer دار ابن زيدون للطباعة و النشر و التوزيع،
Date of production, publication, distribution, manufacture, or copyright notice [19-].
300 ## - PHYSICAL DESCRIPTION
Extent 415ص
650 17 - SUBJECT ADDED ENTRY--TOPICAL TERM
Topical term or geographic name as entry element تاريخ مصر
942 ## - ADDED ENTRY ELEMENTS (KOHA)
Source of classification or shelving scheme Dewey Decimal Classification
Koha item type كتب
المقتنيات
حالة السحب حالة الفقدان مصدر التصنيف حالة التلف غير قابل للإعارة المكتبة الرئيسية المكتبة الحالية موقع الرف تاريخ التزويد الرقم المتسلسل Total Checkouts رقم الإستدعاء الباركود تاريخ آخر ظهور تاريخ الفاتورة نوع المادة (كوها)
    Dewey Decimal Classification     مكتبة الحسن العامة مكتبة الحسن العامة الإعارة 05/08/2018 010715   962/مخت PLD00426669 28/07/2025 05/08/2018 كتب
    Dewey Decimal Classification     مكتبة صويلح العامة مكتبة صويلح العامة الإعارة 05/07/2019 013143   962/مخت PLD00456234 28/07/2025 05/07/2019 كتب
Implemented & Customized by: BBB with SCIT (Smart Chains for Information Technology)

Powered by Koha